| 000 | 01878cam a22004814i 4500 | ||
|---|---|---|---|
| 003 | PE-LiUPU | ||
| 005 | 20250731173451.0 | ||
| 008 | 150616s r 000 0 d | ||
| 020 | _a0802407382 | ||
| 035 | _a(Sirsi) i9780802407382 | ||
| 040 |
_aPE-LiUPU _bspa _cPE-LiUPU _erda |
||
| 049 | _aPRUA | ||
| 082 | 0 | 4 |
_a230.221 _bZ89 _221 |
| 100 | 1 |
_aZuck, Roy B., _eautor. |
|
| 245 | 1 | 2 |
_aA Biblical Theology of the Old Testament / _cRoy B. Zuck. |
| 264 | 1 |
_aChicago : _bMoody Press, _c1991. |
|
| 300 |
_a446 páginas ; _c23 centímetros |
||
| 336 |
_atext _2rdacontent |
||
| 337 |
_aunmediated _2rdamedia |
||
| 338 |
_avolume _2rdacarrier |
||
| 505 | 0 | _aA Theology of the Pentateuch -- A Theology of Joshua, Judges, and Ruth -- A Theology of Samuel and Kings -- A Theology of Chronicles -- A Theology of Ezra-Nehemiah and Esther -- A Theology of the Wisdom Books and the Song of Songs -- A Theology of the Psalms -- A Theology of Isaiah -- A Theology of Jeremiah and Lamentations -- A Theology of Ezekiel and Daniel -- a Theology of the Minor Prophets. | |
| 526 | _aSEG42 | ||
| 526 | _aSEG41 | ||
| 526 | _aSEG40 | ||
| 526 | _aSEG39 | ||
| 526 | _aP94 | ||
| 526 | _aP87 | ||
| 526 | _aP86 | ||
| 526 | _aP85 | ||
| 526 | _aP77 | ||
| 526 | _aP76 | ||
| 526 | _aP35 | ||
| 630 |
_aBiblia. _pA.T. _xTEOLOGIA. |
||
| 700 | 1 | _aBock, Darrell L. | |
| 700 | 1 | _aMerrill, Eugene H. | |
| 910 |
_ajck _bjvq _cjck |
||
| 942 |
_2ddc _cBOOK |
||
| 949 |
_a230.221 Z89 _wDEWEY _c1 _i39845 _lCCODEBUL1 _mBUL _r0 _sY _tBOOK _u2015-6-16 _xTEOLOGIA _zUNKNOWN _0COMPRA _o.STAFF. Colección General |
||
| 994 |
_aC0 _bPEPRU |
||
| 596 | _a1 | ||
| 999 |
_a230.221 Z89 _wDEWEY _c57618 _i39845 _f2021-11-9 _g5 _lCCODEBUL1 _mBUL _q1 _r0 _sY _tBOOK _u2015-6-16 _xTEOLOGIA _zUNKNOWN _0COMPRA _o.STAFF. Colección General _d57618 |
||
| 980 |
_81 _gALBERTO SANCHEZ Responsable de Automatización |
||